[Event "Ruhrgebiet Verbandsklasse Gruppe 1 1819"]
[Site "Nordrheinwestfalen"]
[Date "2019.02.03"]
[Round "6.1"]
[White "Lautenschuetz, Ludger"]
[Black "Patzer, Joerg"]
[Result "1-0"]
[WhiteElo "1935"]
[BlackElo "1855"]
[PlyCount "95"]
[EventDate "2018.09.23"]
[EventType "team-tourn"]
[EventRounds "9"]
[EventCountry "GER"]
[SourceTitle "EXT 2022"]
[Source "ChessBase"]
[SourceDate "2021.10.06"]
[SourceVersion "1"]
[SourceVersionDate "2021.10.06"]
[SourceQuality "1"]
[WhiteTeam "Haltern"]
[BlackTeam "Horst Emscher II"]
[WhiteTeamCountry "GER"]
[BlackTeamCountry "GER"]

1. d4 f5 2. g3 e6 3. Bg2 Nf6 4. c4 d5 5. Nf3 Be7 6. 0-0 0-0 7. b3 c6 8. Ba3 Bxa3 9. Nxa3 Qe7 10. Nc2 Bd7 11. Qd2 Be8 12. Qb4 Qxb4 13. Nxb4 Nbd7 14. Nd3 Ne4 15. Nfe5 Nxe5 16. Nxe5 Nf6 17. e3 Bh5 18. Rfc1 Rad8 19. Rc2 Nd7 20. Nd3 g5 21. c5 f4 22. Rd2 fxe3 23. fxe3 Bg6 24. Nf2 e5 25. Bh3 exd4 26. exd4 Nf6 27. Re1 Rfe8 28. Rde2 Rxe2 29. Rxe2 Re8 30. Rxe8+ Bxe8 31. Bc8 b6 32. b4 bxc5 33. bxc5 Kf8 34. Bf5 h5 35. Nd3 Bd7 36. Bxd7 Nxd7 37. h4 gxh4 38. gxh4 Kf7 39. Kf2 Kf6 40. Kf3 Kf5 41. Nb4 Nb8 42. a3 a5 43. Nd3 Nd7 44. a4 Nf8 45. Ne5 Ng6 46. Nxc6 Nxh4+ 47. Kg3 Kg5 48. Ne7 1-0

[Event "GER-chT9 LI-21 Br01 email"]
[Site "GER email"]
[Date "2011.10.17"]
[Round "?"]
[White "Heimbrodt, Wolfram"]
[Black "Patzer, Joerg"]
[Result "1/2-1/2"]
[WhiteElo "2275"]
[BlackElo "2214"]
[PlyCount "67"]
[EventDate "2011.10.23"]
[EventType "tourn (corr)"]
[EventRounds "8"]
[EventCountry "GER"]
[SourceTitle "Corr 2015"]
[Source "ChessBase"]
[SourceDate "2015.07.17"]
[SourceVersion "1"]
[SourceVersionDate "2015.07.17"]
[SourceQuality "1"]

1. d4 d5 2. c4 c6 3. Nf3 Nf6 4. Nc3 e6 5. Bg5 h6 6. Bh4 dxc4 7. e4 g5 8. Bg3 b5 9. Be2 Bb4 10. Qc2 Bb7 11. 0-0 Nbd7 12. Nd2 Qb6 13. a3 Be7 14. b3 cxb3 15. Nxb3 Rc8 16. Rfc1 c5 17. d5 c4 18. dxe6 fxe6 19. Nd2 a6 20. a4 h5 21. axb5 h4 22. Bb8 axb5 23. Ba7 Qc6 24. Nf3 e5 25. Qb1 g4 26. Nd2 b4 27. Nd5 Nxd5 28. Rxc4 Qh6 29. Rxc8+ Bxc8 30. exd5 Qxd2 31. Bxg4 Kf8 32. Be6 Qc3 33. h3 Kg7 34. Be3 1/2-1/2

[Event "Ruhrgebiet Regionalliga 1011"]
[Site "Nordrheinwestfalen"]
[Date "2010.09.19"]
[Round "1.7"]
[White "Boehm, Malte"]
[Black "Patzer, Joerg"]
[Result "0-1"]
[WhiteElo "1933"]
[BlackElo "1974"]
[PlyCount "58"]
[EventDate "2010.09.19"]
[EventType "team-tourn"]
[EventRounds "9"]
[EventCountry "GER"]
[SourceTitle "EXT 2020"]
[Source "ChessBase"]
[SourceDate "2019.10.17"]
[SourceVersion "1"]
[SourceVersionDate "2019.10.17"]
[SourceQuality "1"]
[WhiteTeam "Brackel SF"]
[BlackTeam "Horst Emscher"]
[WhiteTeamCountry "GER"]
[BlackTeamCountry "GER"]

1. Nf3 d6 2. d4 g6 3. c4 Bg7 4. Nc3 Nf6 5. e4 c6 6. Be2 Qc7 7. 0-0 0-0 8. Qc2 Nbd7 9. Rd1 e5 10. dxe5 dxe5 11. b3 Re8 12. h3 b6 13. Be3 Nf8 14. c5 b5 15. a4 b4 16. Nb1 Ne6 17. Nbd2 Nf4 18. Bf1 Be6 19. Nc4 Bxc4 20. Bxc4 Rad8 21. Ng5 Rxd1+ 22. Rxd1 Rf8 23. g3 N4h5 24. Qd3 h6 25. Nxf7 Rxf7 26. Qd8+ Kh7 27. Bxf7 Qxf7 28. Rd6 Nxe4 29. Rd7 Qf3 0-1

[Event "Ruhrgebiet VL1 0910"]
[Site "Germany"]
[Date "2009.11.08"]
[Round "3.5"]
[White "Zimmermann, Dirk"]
[Black "Patzer, Joerg"]
[Result "1/2-1/2"]
[WhiteElo "2085"]
[BlackElo "2159"]
[PlyCount "83"]
[EventDate "2009.09.06"]
[EventType "team-tourn"]
[EventRounds "9"]
[EventCountry "GER"]
[SourceTitle "EXT 2011"]
[Source "ChessBase"]
[SourceDate "2010.11.26"]
[SourceVersion "1"]
[SourceVersionDate "2010.11.26"]
[SourceQuality "1"]
[WhiteTeam "Brambauer"]
[BlackTeam "Horst Emscher"]
[WhiteTeamCountry "GER"]
[BlackTeamCountry "GER"]

1. e4 d6 2. d4 Nf6 3. Nc3 g6 4. f4 Bg7 5. Nf3 c5 6. e5 Nfd7 7. Bc4 cxd4 8. Bxf7+ Kxf7 9. e6+ Ke8 10. exd7+ Bxd7 11. Nxd4 Nc6 12. Be3 Qb6 13. Nce2 Qxb2 14. Rb1 Qxa2 15. Rxb7 Qa6 16. Rb1 Nxd4 17. Bxd4 Qa5+ 18. c3 Bxd4 19. Qxd4 Rf8 20. Kd2 Qa2+ 21. Ke3 Bg4 22. Rbe1 Rf6 23. Kf2 e5 24. Qe3 Rxf4+ 25. Kg3 Bxe2 26. Rxe2 Qe6 27. h3 Qf6 28. Rd1 Rd8 29. Qxa7 Rd7 30. Qe3 Ke7 31. Kh2 h5 32. Rd4 Rf1 33. Re4 Kf7 34. c4 Re7 35. c5 dxc5 36. Qxc5 Rf5 37. Qe3 Kg7 38. g4 hxg4 39. Rxg4 Rf3 40. Qg1 Rf5 41. Reg2 Re6 42. Rxg6+ 1/2-1/2

[Event "Ruhrgebiet VL1 0708"]
[Site "Germany"]
[Date "2008.03.09"]
[Round "7.2"]
[White "Dergatschova, Anna"]
[Black "Patzer, Joerg"]
[Result "1-0"]
[WhiteElo "2230"]
[BlackElo "2159"]
[PlyCount "77"]
[EventDate "2007.09.02"]
[EventType "team-tourn"]
[EventRounds "9"]
[EventCountry "GER"]
[SourceTitle "EXT 2009"]
[Source "ChessBase"]
[SourceDate "2008.11.26"]
[SourceVersion "1"]
[SourceVersionDate "2008.11.26"]
[SourceQuality "1"]
[WhiteTeam "Holsterhausen "]
[BlackTeam "Horst Emscher"]
[WhiteTeamCountry "GER"]
[BlackTeamCountry "GER"]

1. Nf3 d5 2. b4 Nf6 3. Bb2 Bf5 4. e3 e6 5. c4 dxc4 6. Bxc4 Be7 7. Nd4 Bxb1 8. Rxb1 0-0 9. b5 Nbd7 10. Bxe6 fxe6 11. Nxe6 Qe8 12. 0-0 Qf7 13. Nxf8 Rxf8 14. Qa4 Bd6 15. f4 Nc5 16. Qxa7 Qd5 17. Bxf6 Rxf6 18. d4 Rg6 19. Rb2 Nd3 20. Rc2 Qe4 21. d5 Bc5 22. Qb8+ Kf7 23. Qxc7+ Kg8 24. Qc8+ Kf7 25. Qxb7+ Kg8 26. Qc8+ Kf7 27. Kh1 Qxe3 28. h3 Qe4 29. Qd7+ Kg8 30. f5 Rh6 31. f6 gxf6 32. Qe6+ Qxe6 33. dxe6 Kf8 34. Rf3 Ne1 35. Rxc5 Nxf3 36. gxf3 Rxh3+ 37. Kg2 Rh4 38. Rc7 Ra4 39. b6 1-0

[Event "GER-chT2 LF-21 B1 email"]
[Site "GER email"]
[Date "2007.??.??"]
[Round "?"]
[White "Hens, Bernhard"]
[Black "Patzer, Joerg"]
[Result "1/2-1/2"]
[WhiteElo "2223"]
[BlackElo "2233"]
[PlyCount "88"]
[EventDate "2007.??.??"]
[EventType "team (corr)"]
[EventRounds "9"]
[EventCountry "GER"]
[SourceTitle "Corr 2008"]
[Source "ChessBase"]
[SourceDate "2008.06.24"]
[SourceVersion "1"]
[SourceVersionDate "2008.06.24"]
[SourceQuality "1"]

1. Nf3 f5 2. c4 Nf6 3. d4 e6 4. g3 d5 5. Bg2 c6 6. b3 Bd6 7. 0-0 Qe7 8. Ne5 0-0 9. Bf4 Nbd7 10. Nd2 Bxe5 11. dxe5 Ne4 12. Nxe4 fxe4 13. Rc1 b6 14. cxd5 cxd5 15. Qd2 Ba6 16. Rfd1 Nc5 17. b4 Na4 18. Rc2 Rac8 19. Rdc1 Rxc2 20. Rxc2 Rc8 21. Rxc8+ Bxc8 22. Qc2 Qd7 23. Be3 Ba6 24. a3 Bb5 25. Bd4 Bc6 26. f3 b5 27. Kf2 exf3 28. exf3 Nb6 29. Bxb6 axb6 30. f4 g6 31. Qd3 Qc7 32. Bf1 Be8 33. Qd2 Kg7 34. h4 h6 35. Bd3 Qc6 36. Qb2 Qc8 37. Ke3 g5 38. hxg5 hxg5 39. f5 exf5 40. e6+ Kg8 41. Bxf5 Bg6 42. Bxg6 Qxe6+ 43. Kd2 Qxg6 44. Qe5 Qc6 1/2-1/2

[Event "GER-chT2 LF-21 B4 email"]
[Site "GER email"]
[Date "2007.??.??"]
[Round "?"]
[White "Patzer, Joerg"]
[Black "Boehm, Stefan"]
[Result "1/2-1/2"]
[WhiteElo "2233"]
[BlackElo "2273"]
[PlyCount "45"]
[EventDate "2007.??.??"]
[EventType "team (corr)"]
[EventRounds "9"]
[EventCountry "GER"]
[SourceTitle "Corr 2008"]
[Source "ChessBase"]
[SourceDate "2008.06.24"]
[SourceVersion "1"]
[SourceVersionDate "2008.06.24"]
[SourceQuality "1"]

1. e4 c5 2. Nc3 Nc6 3. g3 g6 4. Bg2 Bg7 5. d3 d6 6. f4 e6 7. Nf3 Nge7 8. 0-0 0-0 9. Be3 Nd4 10. e5 Bd7 11. Ne4 Nef5 12. Bf2 Nxf3+ 13. Bxf3 Bc6 14. c3 h5 15. exd6 b6 16. Nf6+ Bxf6 17. Bxc6 Rc8 18. Bb7 Rb8 19. Be4 Qxd6 20. a4 Rfd8 21. Qe2 Qc7 22. h3 Re8 23. Qc2 1/2-1/2